000 00929nam a2200289 4500
003 EG-GICUC
005 20260331121405.0
008 260331s1969 -uk ||fr|||| 000 0 eng d
040 _aEG-GiCUC
_beng
_cEG-GiCUC
_dEG-GiCUC
_erda
041 0 _aeng
082 0 4 _221
_a341.48
_bFA . A
092 0 4 _221
099 _aLaw1 11 341.48 FA . A 1969
100 1 _aFawcett, J. E. S.
_eAuthor.
245 1 4 _aThe Application Of The European Convention On Human Rights /
_c By J. E. S. Fawcett
264 1 _aOxford :
_bThe Clarendon Press,
_c1969.
300 _a368 pages,
_c24 cm.
336 _2rda content
_atext
337 _2rda media
_aComputer
338 _2rda carrier
_aOnline Resource
504 _aIncludes bibliographical references.
546 _aText in English
650 1 4 _aPublic international law
856 4 0 _uhttps://fll.law.cu.edu.eg/fulltext/bks/B11-08884.pdf
905 _a48
942 _2ddc
_cBK
_e21
_n0
999 _c67785
_d67785